000 00367nam a2200157Ia 4500
008 230312s9999||||xx |||||||||||||| ||und||
020 _a9788131708286
082 _a629.8312
_bGHO-C
100 _aGhosh, Smarajit
245 0 _aControl Systems
260 _bPearson Education
_aIndia
_c2007
300 _a612
546 _aEng.
650 _aEngineering
942 _cBK
999 _c6104
_d6104